<?xml version="1.0" encoding="UTF-8"?>
<record
    xmlns:xsi="http://www.w3.org/2001/XMLSchema-instance"
    xsi:schemaLocation="http://www.loc.gov/MARC21/slim http://www.loc.gov/standards/marcxml/schema/MARC21slim.xsd"
    xmlns="http://www.loc.gov/MARC21/slim">

  <leader>00891nam a22002417a 4500</leader>
  <controlfield tag="003">USANT</controlfield>
  <controlfield tag="005">20250827123630.0</controlfield>
  <controlfield tag="008">250827b        |||||||| |||| 00| 0 eng d</controlfield>
  <datafield tag="020" ind1=" " ind2=" ">
    <subfield code="a">9789814834711</subfield>
  </datafield>
  <datafield tag="040" ind1=" " ind2=" ">
    <subfield code="a">USANT</subfield>
    <subfield code="b">eng</subfield>
    <subfield code="c">USANT</subfield>
    <subfield code="e">rda</subfield>
  </datafield>
  <datafield tag="082" ind1=" " ind2="4">
    <subfield code="2">11th Edition </subfield>
    <subfield code="a">332.9</subfield>
    <subfield code="b">R362i</subfield>
  </datafield>
  <datafield tag="100" ind1="1" ind2=" ">
    <subfield code="a">Reilly, Frank K.</subfield>
    <subfield code="e">author.</subfield>
  </datafield>
  <datafield tag="245" ind1="1" ind2=" ">
    <subfield code="a">Investment analysis and portfolio management /</subfield>
    <subfield code="c">Frank K. Reilly, Keith C. Brown, Sanford J. Leeds</subfield>
  </datafield>
  <datafield tag="260" ind1=" " ind2="1">
    <subfield code="a">USA :</subfield>
    <subfield code="b">Cengage Learning ,</subfield>
    <subfield code="c">2019.</subfield>
  </datafield>
  <datafield tag="300" ind1=" " ind2=" ">
    <subfield code="a">xxiii, 786 pages :</subfield>
    <subfield code="b">figures, tables ;</subfield>
    <subfield code="c">27 cm.</subfield>
  </datafield>
  <datafield tag="504" ind1=" " ind2=" ">
    <subfield code="a">Includes comprehensive references list pages (750-761).</subfield>
  </datafield>
  <datafield tag="650" ind1=" " ind2=" ">
    <subfield code="a">Portfolio management.</subfield>
  </datafield>
  <datafield tag="650" ind1=" " ind2=" ">
    <subfield code="a">Investments.</subfield>
  </datafield>
  <datafield tag="650" ind1=" " ind2=" ">
    <subfield code="a">Investments analysis.</subfield>
  </datafield>
  <datafield tag="700" ind1="1" ind2=" ">
    <subfield code="a">Brown, Keith C. </subfield>
    <subfield code="e">author.</subfield>
  </datafield>
  <datafield tag="700" ind1="1" ind2=" ">
    <subfield code="a">Leeds, Sanford J. </subfield>
    <subfield code="e">author.</subfield>
  </datafield>
  <datafield tag="942" ind1=" " ind2=" ">
    <subfield code="2">ddc</subfield>
    <subfield code="c">BK</subfield>
    <subfield code="e">11th Edition</subfield>
    <subfield code="h">332.9</subfield>
    <subfield code="i">R362i</subfield>
    <subfield code="k">CIR</subfield>
    <subfield code="m">2019</subfield>
    <subfield code="n">0</subfield>
  </datafield>
  <datafield tag="999" ind1=" " ind2=" ">
    <subfield code="c">18407</subfield>
    <subfield code="d">18406</subfield>
  </datafield>
  <datafield tag="952" ind1=" " ind2=" ">
    <subfield code="0">0</subfield>
    <subfield code="1">0</subfield>
    <subfield code="2">ddc</subfield>
    <subfield code="4">0</subfield>
    <subfield code="7">0</subfield>
    <subfield code="8">Circulation</subfield>
    <subfield code="a">UCL</subfield>
    <subfield code="b">UCL</subfield>
    <subfield code="c">College Library</subfield>
    <subfield code="d">2025-08-27</subfield>
    <subfield code="l">0</subfield>
    <subfield code="o">CIR 332.9 R362i 2019</subfield>
    <subfield code="p">71923</subfield>
    <subfield code="r">2025-08-27 12:37:22</subfield>
    <subfield code="t">1-1</subfield>
    <subfield code="w">2025-08-27</subfield>
    <subfield code="y">BK</subfield>
  </datafield>
</record>
